Heating and cooling of buildings : (Record no. 355202)

000 -LEADER
fixed length control field 01553cam a2200385 a 4500
001 - CONTROL NUMBER
control field 15954420
003 - CONTROL NUMBER IDENTIFIER
control field Nust- CAS-E
005 - DATE AND TIME OF LATEST TRANSACTION
control field 20180118181353.0
008 - FIXED-LENGTH DATA ELEMENTS--GENERAL INFORMATION
fixed length control field 091021s2010 flua b 001 0 eng
010 ## - LIBRARY OF CONGRESS CONTROL NUMBER
LC control number 2009041608
015 ## - NATIONAL BIBLIOGRAPHY NUMBER
National bibliography number GBA998207
Source bnb
016 7# - NATIONAL BIBLIOGRAPHIC AGENCY CONTROL NUMBER
Record control number 015386767
Source Uk
020 ## - INTERNATIONAL STANDARD BOOK NUMBER
International Standard Book Number 9781439811511 (hardcover : alk. paper)
020 ## - INTERNATIONAL STANDARD BOOK NUMBER
International Standard Book Number 1439811512 (hardcover : alk. paper)
035 ## - SYSTEM CONTROL NUMBER
System control number (OCoLC)ocn455835575
040 ## - CATALOGING SOURCE
Original cataloging agency DLC
Transcribing agency DLC
Modifying agency BTCTA
-- YDXCP
-- UKM
-- C#P
-- BWX
-- IXA
-- DLC
050 00 - LIBRARY OF CONGRESS CALL NUMBER
Classification number TH7345
Item number .K74 2010
082 00 - DEWEY DECIMAL CLASSIFICATION NUMBER
Classification number 697
Edition number 22
Author Mark KRE 2010
100 1# - MAIN ENTRY--PERSONAL NAME
Personal name Kreider, Jan F.,
Dates associated with a name 1942-
245 10 - TITLE STATEMENT
Title Heating and cooling of buildings :
Remainder of title design for efficiency /
Statement of responsibility, etc. Jan F. Kreider, Peter S. Curtiss, Ari Rabl.
250 ## - EDITION STATEMENT
Edition statement Rev. 2nd ed.
260 ## - PUBLICATION, DISTRIBUTION, ETC.
Place of publication, distribution, etc. Boca Raton :
Name of publisher, distributor, etc. CRC Press/Taylor & Francis,
Date of publication, distribution, etc. c2010.
300 ## - PHYSICAL DESCRIPTION
Extent xix, 843 p. :
Other physical details ill. ;
Dimensions 27 cm. +
Accompanying material CD-ROM (4 3/4 in.)
490 1# - SERIES STATEMENT
Series statement Mechanical engineering series
504 ## - BIBLIOGRAPHY, ETC. NOTE
Bibliography, etc. note Includes bibliographical references and index.
650 #0 - SUBJECT ADDED ENTRY--TOPICAL TERM
Topical term or geographic name entry element Heating
General subdivision Equipment and supplies
-- Design and construction.
650 #0 - SUBJECT ADDED ENTRY--TOPICAL TERM
Topical term or geographic name entry element Ventilation
General subdivision Equipment and supplies
-- Design and construction.
650 #0 - SUBJECT ADDED ENTRY--TOPICAL TERM
Topical term or geographic name entry element Air conditioning
General subdivision Equipment and supplies
-- Design and construction.
700 1# - ADDED ENTRY--PERSONAL NAME
Personal name Curtiss, Peter.
700 1# - ADDED ENTRY--PERSONAL NAME
Personal name Rabl, Ari.
830 #0 - SERIES ADDED ENTRY--UNIFORM TITLE
Uniform title Mechanical engineering series (Boca Raton, Fla.)
906 ## - LOCAL DATA ELEMENT F, LDF (RLIN)
a 7
b cbc
c orignew
d 1
e ecip
f 20
g y-gencatlg
942 ## - ADDED ENTRY ELEMENTS (KOHA)
Source of classification or shelving scheme
Koha item type Book
Holdings
Withdrawn status Lost status Source of classification or shelving scheme Damaged status Not for loan Permanent Location Current Location Shelving location Date acquired Source of acquisition Total Checkouts Full call number Barcode Date last seen Copy number Cost, replacement price Price effective from Koha item type
          US-Pakistan Center for Advanced Studies in Energy (USPCAS-E) US-Pakistan Center for Advanced Studies in Energy (USPCAS-E) General Stacks 10/04/2013 Victoria co   697 KRE 2010 CAS-E0000051 02/12/2014 01 14154.00 02/12/2014 Book
          US-Pakistan Center for Advanced Studies in Energy (USPCAS-E) US-Pakistan Center for Advanced Studies in Energy (USPCAS-E) General Stacks 10/04/2013 Victoria co   697 KRE 2010 CAS-E0000052 02/12/2014 02 14154.00 02/12/2014 Book
© 2023 Central Library, National University of Sciences and Technology. All Rights Reserved.